Evenly Distributed Team Names Quiz Stats

Quiz Updated Sep 15, 2017

Challenge
Share
Tweet
Embed
Score 0/14 Timer 06:00
6 Plays Today
Team % Correct
Boston Red Sox
61.7%
New York Yankees
60%
Utah Jazz
55.5%
Carolina Panthers
52.9%
Atlanta Falcons
52.1%
Oakland Raiders
49.7%
New York Rangers
47.9%
Team % Correct
Boston Bruins
47.6%
Houston Rockets
47%
Cleveland Cavaliers
45%
Detroit Pistons
44.1%
Toronto Raptors
35.4%
Arizona Coyotes
30.7%
Nashville Predators
27.9%

You're not logged in!

Compare scores with friends on all Sporcle quizzes.
Join for Free
OR
Log In

You Might Also Like...

Show Comments

Extras

Top Quizzes Today


Score Distribution

Your Account Isn't Verified!

In order to create a playlist on Sporcle, you need to verify the email address you used during registration. Go to your Sporcle Settings to finish the process.

Report this User

Report this user for behavior that violates our Community Guidelines.

Details: